Medicine and Business A Practitioner's Guide /

This book presents a practical set of business administration skills for physicians and other healthcare professionals who assume administrative positions in healthcare organizations. It describes management and leadership practices; revenue cycle and financial statements;  financial planning, analy...

Full description

Bibliographic Details
Main Author: Bucci, Ronald V. (Author)
Corporate Author: SpringerLink (Online service)
Format: Electronic eBook
Language:English
Published: Cham : Springer International Publishing : Imprint: Springer, 2014.
Subjects:
Online Access:Full Text via HEAL-Link
LEADER 02712nam a22004455i 4500
001 978-3-319-04060-8
003 DE-He213
005 20151204151054.0
007 cr nn 008mamaa
008 140318s2014 gw | s |||| 0|eng d
020 |a 9783319040608  |9 978-3-319-04060-8 
024 7 |a 10.1007/978-3-319-04060-8  |2 doi 
040 |d GrThAP 
050 4 |a R727.9 
072 7 |a MBPM  |2 bicssc 
072 7 |a MED095000  |2 bisacsh 
082 0 4 |a 610.6  |2 23 
100 1 |a Bucci, Ronald V.  |e author. 
245 1 0 |a Medicine and Business  |h [electronic resource] :  |b A Practitioner's Guide /  |c by Ronald V. Bucci. 
264 1 |a Cham :  |b Springer International Publishing :  |b Imprint: Springer,  |c 2014. 
300 |a XIII, 191 p. 26 illus., 18 illus. in color.  |b online resource. 
336 |a text  |b txt  |2 rdacontent 
337 |a computer  |b c  |2 rdamedia 
338 |a online resource  |b cr  |2 rdacarrier 
347 |a text file  |b PDF  |2 rda 
505 0 |a Healthcare Business.- Implications of Today's Healthcare Environment.- Management.- Finance.- Billing and Reimbursement.- Current Procedural Terminology Codes and ICD-9 and ICD-10 Coding.- Electronic Medical Record -- Managed Care.- Hospital Governance.- Private Practice Employment.- Physician Employment in a Hospital System.- Human Resources.- Contracts Administration.- Resume Essentials.- Medical Business Law and Regulations -- Materials Management.- Physician/administrator Relations.- Lean/6Sigma/Daily Management System. 
520 |a This book presents a practical set of business administration skills for physicians and other healthcare professionals who assume administrative positions in healthcare organizations. It describes management and leadership practices; revenue cycle and financial statements;  financial planning, analysis, and execution; strategic planning; managed care; payment methods; hospital governance; and medical business law. Written for the healthcare professional in easily understandable language, Medicine and Business describes each concept, delineates its applications in public and private healthcare organizations, and provides insight into future developments in each sector. . 
650 0 |a Medicine. 
650 0 |a Internal medicine. 
650 0 |a Practice of medicine. 
650 1 4 |a Medicine & Public Health. 
650 2 4 |a Practice and Hospital Management. 
650 2 4 |a Medicine/Public Health, general. 
650 2 4 |a Internal Medicine. 
710 2 |a SpringerLink (Online service) 
773 0 |t Springer eBooks 
776 0 8 |i Printed edition:  |z 9783319040592 
856 4 0 |u http://dx.doi.org/10.1007/978-3-319-04060-8  |z Full Text via HEAL-Link 
912 |a ZDB-2-SME 
950 |a Medicine (Springer-11650)